| 000 | 00656nam a2200217Ia 4500 | ||
|---|---|---|---|
| 003 | OSt | ||
| 005 | 20231004095055.0 | ||
| 008 | 210716s1998 xx 000 0 und d | ||
| 020 | _a0201474468 | ||
| 040 | _cAIMIT LIBRARY | ||
| 041 | _aeng | ||
| 082 |
_a005.1331 _22 _bMEYS |
||
| 100 |
_aMeyers, Scott. _9135954 |
||
| 245 |
_aEffective c++ / _cBy Scott Meyers. |
||
| 250 | _a2nd ed. | ||
| 260 |
_aBangalore : _bEastern Press , _c1998. |
||
| 300 |
_axx,256p. ; _bPB _c24 cm. |
||
| 650 |
_aConstructors destructors and assignment operators _9135955 |
||
| 650 |
_aInheritance and object oriented design _9135956 |
||
| 942 |
_2ddc _cBK _e2nd ed. _k005.1331 MEYS |
||
| 999 |
_c183367 _d183367 |
||